00385nam a2200157Ia 45000010006000000050017000060080041000230410008000640820015000721000028000872450059001152600009001743000028001836500008002116540008002191040020260306161829.0260306t1976||||xx |||||||||||||| ||spa|| aESP a923.1bS17 aSalmador, VíctoreAUT 0aDon Juan de Borbón:bgrandeza y sevidumbre del deber c1976 a323 páginas :c25 cm. aGEN aCHU